00523nam a2200193 a 4500001001300000003000900013005001700022008004100039020001000080082001500090100002500105245003500130260004500165300000900210500003500219505001000254650004000264700002500304nice12345678IN_TiNIC20260116011313.0050524s1911 newa grp 000 0 eng  ac10000a225.6bSTE aSteven, George Baker aTheology of the New Testament. aNew YorkbCharles Scribner`s Sons,c1911 a619p aincludes index and biblioraphy2 aIndex aBible O.T. Criticism & Interpretati1 aSteven, George Baker